UBT Library

Controversy in internal medicine, (Record no. 42546)

000 -LEADER
fixed length control field 00701cam a22002531 4500
001 - CONTROL NUMBER
control field 10334904
005 - DATE AND TIME OF LATEST TRANSACTION
control field 20180215031548.0
008 - FIXED-LENGTH DATA ELEMENTS--GENERAL INFORMATION
fixed length control field 761023m19661974paua b 001 0 eng
010 ## - LIBRARY OF CONGRESS CONTROL NUMBER
LC control number 65023092
020 ## - INTERNATIONAL STANDARD BOOK NUMBER
International Standard Book Number 0721650260 (v.2)
035 ## - SYSTEM CONTROL NUMBER
System control number (OCoLC)2522449
040 ## - CATALOGING SOURCE
Original cataloging agency DLC
Transcribing agency GAPh
Modifying agency OkTOR
-- DLC
041 ## - LANGUAGE CODE
Language code of text/sound track or separate title eng
042 ## - AUTHENTICATION CODE
Authentication code premarc
060 ## - NATIONAL LIBRARY OF MEDICINE CALL NUMBER
Classification number WB 100 C764 1974
080 ## - UNIVERSAL DECIMAL CLASSIFICATION NUMBER
Universal Decimal Classification number 616.026
082 ## - DEWEY DECIMAL CLASSIFICATION NUMBER
Classification number 616.026 ING
100 1# - Rafti
Rafti 4
101 ## - Shkurtesa
Shkurtesa SHM
245 10 - TITLE STATEMENT
Title Controversy in internal medicine,
Statement of responsibility, etc edited by Franz J. Ingelfinger, Arnold S. Relman [and] Maxwell Finland.
504 ## - BIBLIOGRAPHY, ETC. NOTE
Bibliography, etc Includes bibliographies.
906 ## - LOCAL DATA ELEMENT F, LDF (RLIN)
a 7
b cbc
c oclcrpl
d u
e ncip
f 19
g y-gencatlg
942 ## - ADDED ENTRY ELEMENTS (KOHA)
Source of classification or shelving scheme
Item type Books
Holdings
Withdrawn status Lost status Source of classification or shelving scheme Damaged status Not for loan Collection code Permanent location Current location Shelving location Date acquired Total Checkouts Full call number Barcode Date last seen Price effective from Koha item type
          Koleksioni i përgjithshem UBT - Lipjan UBT - Lipjan Koleksioni i përgjithshem 02/15/2018   616.026 ING 002-2997337 02/15/2018 02/15/2018 Books
UBT Library © 2015-2024. All rights reserved University Education for Business and Technology